Cría de la trucha

Salvato in:
Dettagli Bibliografici
Autore principale: Sedgwick, Stephen Drummond (Autore)
Natura: Libro
Lingua:spagnolo
Pubblicazione: Zaragoza Acribia 1988
Soggetti:
Tags: Aggiungi Tag
Nessun Tag, puoi essere il primo ad aggiungerne!!

MARC

LEADER 00000nam a2200000 a 4500
001 UCO7707
003 CL-VaPUC
008 001117e19880000SP |||||||||||||||||spa|d
020 |a 8420006262 
082 0 4 |a 639.313  |b SED  |2 21 
100 0 |a Sedgwick, Stephen Drummond  |e author  |9 452378 
245 1 0 |a Cría de la trucha 
300 |a 180 p 
942 |c BK 
945 |d 20001117 00:00:00  |a vberengu 
260 |a Zaragoza  |b Acribia  |c 1988 
650 7 |a TRUCHAS  |2 CL-VaPUC  |9 261157 
650 0 |a Peces de agua dulce   |9 261578 
650 7 |a PISCICULTURA  |2 CL-VaPUC  |9 259974 
583 |a last modification  |c 20001117 00:00:00  |k Rodrigo Vera 
999 |c 292589  |d 292587 
952 |0 0  |1 0  |4 0  |6 639_313000000000000_SED_1988  |7 0  |8 CCM  |9 343551  |a BIBCUR  |b BIBCUR  |d 2019-11-20  |i 3666239  |o 639.313 SED 1988  |p 3666239  |r 2025-04-22  |w 2019-11-20  |y BK_R  |k RNT 
952 |0 0  |1 0  |4 0  |6 639_313000000000000_SED_1988  |7 0  |8 CCM  |9 343552  |a BIBCUR  |b BIBCUR  |d 2019-11-20  |i 4334469  |o 639.313 SED 1988  |p 4334469  |r 2025-04-22  |w 2019-11-20  |y BK_R  |k CIM 
952 |0 0  |1 0  |4 0  |6 639_313000000000000_SED_1988  |7 0  |8 CCM  |9 343553  |a BIBCUR  |b BIBCUR  |d 2019-11-20  |i 4334477  |o 639.313 SED 1988  |p 4334477  |r 2025-04-22  |w 2019-11-20  |y BK_R  |k CIM